West Ham United - Tous les joueurs de 2010 à 2025 - Statistiques

Statistiques générales
  • Ce quiz a été pris 30 fois
    7 depuis la dernière actualisation
  • Le résultat moyen est 35 sur 217
Statistiques - réponses
Saisons Nationalité Joueur Nombre
De Matchs
Poste % Correct
2021 - France AlphonseAreola 100 G
100%
2018 - Pologne LukaszFabianski 216 G
86%
2022 - 2024 Maroc NayefAguerd 61 D
86%
2019 - RépubliqueTchèquz TomasSoucek 245 M
86%
2010 - 2011 Sénégal DembaBa 13 A
71%
2015 - 2017 France DimitriPayet 60 M
71%
2019 - Angleterre JarrodBowen 238 A
71%
2022 - Brésil LucasPaqueta 120 M
71%
2015 - 2025 Jamaique MichailAntonio 323 A
71%
2019 - 2024 Espagne PabloFornals 203 M
71%
2014 - 2025 Angleterre AaronCresswell 369 D
57%
2024 - RépubliqueDémocratique Du Congo AaronWan - Bissaka 38 D
57%
2015 - 2024 Italie AngeloOgbonna 249 D
57%
2018 - 2024 Angleterre BenJohnson 108 D
57%
2017 - 2019 Mexique ChicharitoHernandez 63 A
57%
2016 - 2023 Angleterre DeclanRice 245 M
57%
2022 - 2025 Italie Emerson 113 D
57%
2014 - 2016 Equateur EnnerValencia 68 A
57%
2022 - 2023 Italie GianlucaScamacca 27 A
57%
2017 - 2018 Angleterre JoeHart 18 G
57%
2021 - 2024 France KurtZouma 103 D
57%
2017 - 2019 Autriche MarkoArnautovic 65 A
57%
2013 - 2014 Angleterre RogerJohnson 6 D
57%
2020 - 2025 RépubliqueTchèque VladimirCoufal 180 D
57%
2013 - 2019 Espagne Adrian 150 G
43%
2018 - 2022 Ukraine AndriyYarmolenko 86 A
43%
2012 - 2019 Angleterre AndyCarroll 142 A
43%
2016 - 2022 RépublqueDémocratique Du Congo ArthurMasuaku 128 D
43%
2020 - 2023 Angleterre CraigDawson 87 D
43%
2018 - 2020 Brésil FelipeAnderson 73 A
43%
2024 - Argentine GuidoRodriguez 24 M
43%
2024 - France Jean - ClairTodibo 29 D
43%
2023 - Grèce KonstantinosMavropanos 68 D
43%
2015 - 2023 Argentine ManuelLanzini 226 M
43%
2004 - 2022 Angleterre MarkNoble 550 M
43%
2024 - Allemagne NiclasFullkrug 20 A
43%
2011 - 2015 Portugal RicardoVaz Te 61 A
43%
2011 - 2013 Angleterre RobHall 7 A
43%
2020 - 2024 Algérie SaidBenrahma 155 M/A
43%
2012 - 2013 Irlande StephenHenderson 2 G
43%
2008 - 2011 Suisse ValonBehrami 63 M
43%
2014 - 2016 Cameroun AlexSong 46 M
29%
2016 - 2018 Ghana AndreAyew 50 A
29%
2024 - 2025 Espagne CarlosSoler 33 M
29%
2006 - 2015 Angleterre CarltonCole 293 A
29%
2014 - 2018 Sénégal CheikhouKouyaté 147 M
29%
2022 - 2025 Angleterre DannyIngs 69 A
29%
2019 - 2022 Angleterre DavidMartin 5 G
29%
2014 - 2018 Sénégal DiafraSakho 71 A
29%
2024 - 2025 Irlande EvanFerguson 8 A
29%
2018 - 2022 France IssaDiop 121 D
29%
2018 - 2020 Angleterre JackWilshere 19 M
29%
2023 - Angleterre JamesWard - Prowse 67 M
29%
2020 - 2021 Angleterre JesseLingard 16 M
29%
1998 - 20032012 - 2014 Angleterre JoeCole 184 M/A
29%
2023 - 2024 Angleterre KalvinPhillips 10 M
29%
2022 - 2024 CoteD'Ivoire MaxwellCornet 37 A
29%
2023 - 2025 Ghana MohammedKudus 80 M/A
29%
2021 - 2022 Croatie NikolaVlasic 31 M
29%
2017 - 2020 Argentine PabloZabaleta 80 D
29%
2011 - 2012 Sénegal Papa BoubaDiop 16 M
29%
2019 - 2021 CoteD'Ivoire SebastienHaller 54 A
29%
2016 - 2017 Algérie SofianeFeghouli 27 A
29%
2022 - 2024 Allemagne ThiloKehrer 50 D
29%
2017 - 2018 Espagne ToniMartinez 3 A
29%
2021 - 2022 RépubliqueTchèque AlexKral 6 M
14%
2012 - 2014 France AlouDiarra 14 M
14%
2011 - 2012 PaysDe Galles DannyCollins 11 D
14%
2015 - 20172019 - 2023 Irlande DarrenRandolph 52 G
14%
2023 - 2025 Mexique EdsonAlvarez 73 M
14%
2018 - 2021 Paraguay FabianBalbuena 62 D
14%
2010 - 2012 Martinique FrédéricPiquionne 62 A
14%
2016 - 2017 Turquie GokhanTore 8 A
14%
2016 - 2017 Norvège HavardNordtveit 21 D/M
14%
2005 - 20092012 - 2018 Pays De Galles JamesCollins 214 D
14%
2007 - 2016 Angleterre JamesTomkins 243 D
14%
2011 - 2012 Norvège JohnCarew 21 A
14%
2015 - 2016 Barbades JordanBrown 1 A
14%
2009 - 20112012 - 2013 Angleterre JordanSpence 10 D
14%
2007 - 2012 Martinique JulienFaubert 121 D
14%
2011 - 2015 Angleterre KevinNolan 157 M
14%
2007 - 2011 Angleterre KieronDyer 35 M
14%
2013 - 2014 Angleterre LeoChambers 3 D
14%
2024 - Brésil LuisGuillherme 13 A
14%
2011 - 2012 Espagne ManuelAlmunia 4 G
14%
2011 - 2014 Angleterre MathewTaylor 90 M
14%
2014 - 2016 Argentine MauroZarate 29 A
14%
2014 - 2015 France MorganAmalfitano 32 M
14%
2015 - 2019 GuinéeEquatoriale PedroObiang 116 M
14%
2008 - 2011 RépubliqueTchèque RadoslavKovac 62 D
14%
2010 - 2011 Irlande RobbieKeane 10 A
14%
2006 - 2012 Angleterre RobGreen 241 G
14%
2016 - 20172018 - 2021 Ecosse RobertSnodgrass 86 A
14%
2015 - 2018 Angleterre SamByram 36 D
14%
2018 - 2019 France SamirNasri 6 M
14%
2007 - 2011 Angleterre ScottParker 129 M
14%
2016 - 2017 Italie SimoneZaza 11 A
14%
2013 - 2015 Angleterre StewartDowning 79 M
14%
2010 - 2011 Angleterre WayneBridge 18 D
14%
2010 - 2020 NouvelleZélande WinstonReid 222 D
14%
2012 - 2013 Israel YossiBenayoun 6 A
14%
2011 - 2012 Sénégal AbdoulayeFaye 29 D
0%
2020 - 2022 Angleterre AjiAlese 2 D
0%
2019 - 2020 Suisse AlbianAjeti 12 A
0%
2009 - 2011 Italie AlessandroDiamanti 30 A
0%
2015 - 2016 Angleterre AlexPike 1 D
0%
2016 - 2017 Espagne AlvaroArbeloa 4 D
0%
2015 - 2016 Angleterre AmosNasha 1 M
0%
2024 - Ecosse AndrewIrving 11 M
0%
2009 - 2011 Angleterre AnthonyEdgar 2 A
0%
2013 - 2014 Italie AntonioNocerino 10 M
0%
2022 - 2023 Irlande ArmstrongOko - Flex 1 A
0%
2016 - 2017 Angleterre AshleyFletcher 20 A
0%
2009 - 2011 AfriqueDu Sud BenniMcCarthy 14 A
0%
2013 - 2014 Jamaique BlairTurgott 1 A
0%
2011 - 2012 Paraguay BrianMontenegro 1 M
0%
2013 - 2014 Angleterre CallumDriver 1 D
0%
2023 - Angleterre CallumMarshall 1 A
0%
2011 - 2012 Angleterre CallumMcNaughton 1 D
0%
2014 - 2016 Angleterre CarlJenkinson 59 D
0%
2018 - 2020 Colombie CarlosSanchez 18 M
0%
2018 - 20212022 - 2023 Irlande ConorCoventry 10 M
0%
2024 - Pays - Bas CrysencioSummerville 22 A
0%
2021 - 2022 Angleterre Dan Chesters 2 M
0%
2011 - 2015 Angleterre DanPotts 13 D
0%
2005 - 2011 PaysDe Galles DannyGabbidon 113 D
0%
2013 - 2014 Angleterre DannyWithehead 1 M
0%
2011 - 2012 Angleterre DavidBentley 5 M
0%
2014 - 2016 Uruguay DiegoPoyet 10 M
0%
2022 - 2024 Angleterre DivinMubama 18 A
0%
2015 - 2016 Bermudes DjairParfitt 2 A
0%
2016 - 2018 Portugal DomingosQuina 6 M
0%
2015 - 2016 Canada DoneilHenry 1 D
0%
2012 - 2013 Australie DylanTombides 1 A
0%
2016 - 2018 Suisse EdimilsonFernandes 48 M
0%
2012 - 2016 Angleterre ElliotLee 7 M
0%
2012 - 2013 Autriche EmanuelPogatetz 6 D
0%
2015 - 2016 Nigéria EmmanuelEmenike 16 A
0%
2020 - 2022 Angleterre EmmanuelLongelo 2 D
0%
2022 - 2023 Angleterre FlynnDownes 35 M
0%
2009 - 2012 Angleterre FrankNouble 19 A
0%
2021 - 20232025 - Angleterre FreddiePotts 3 M
0%
2007 - 2011 Angleterre FreddieSears 58 A
0%
2010 - 2013 Angleterre GaryO'Neil 56 M
0%
2023 - 2024 Angleterre GeorgeEarthy 4 M
0%
2011 - 2014 IrlandeDu Nord GeorgeMcCartney 82 D
0%
2012 - 2014 Angleterre GeorgeMoncur 2 M
0%
2018 - 2019 RépubliqueDémocratique Du Congo GradyDiangana 21 A
0%
2011 - 2015 CoteD'Ivoire GuyDemel 83 D
0%
2020 - 2023 Ecosse HarrisonAshby 3 D
0%
2011 - 2012 Angleterre HenriLansbury 24 M
0%
2008 - 2011 RépubliqueDémocratique Du Congo HéritaIlunga 73 D
0%
2007 - 2014 PaysDe Galles JackCollison 121 M
0%
2020 - 2022 Angleterre JamalBaptiste 2 D
0%
2019 - 2020 RépubliqueDémocratique Du Congo JeremyNgakia 5 D
0%
2017 - 2018 Portugal JoaoMario 14 M
0%
2018 - 2019 Angleterre JoePowell 1 M
0%
2011 - 2016 Irlande JoeyO'Brien 105 D
0%
2016 - 2017 Argentine JonathanCalleri 19 A
0%
2006 - 2011 Etats - Unis JonathanSpector 115 D
0%
2017 - 2018 Angleterre JordanHugill 3 A
0%
2016 - 2018 Portugal JoseFonte 24 D
0%
2015 - 20162017 - 2018 2020 - 2021 Irlande JoshCullen 10 M
0%
2008 - 2011 Angleterre JuniorStanislas 47 A
0%
2012 - 2015 Finlande JussiJaaskelainen 61 G
0%
2022 - 2025 Angleterre KaelanCasey 3 D
0%
2022 - 2023 Angleterre KamaraiSwyer 1 M
0%
2021 - 2023 Angleterre KeenanAppiah - Forson 2 M
0%
2015 - 2016 Angleterre KyleKnoyle 1 D
0%
2010 - 2011 Danemark LarsJacobsen 26 D
0%
2022 - 2023 Angleterre LeviLaing 1 D
0%
2024 - 2025 Angleterre LewisOrford 2 M
0%
2015 - 2016 Angleterre LewisPage 3 D
0%
2018 - 2019 Espagne LucasPerez 19 A
0%
2006 - 2011 Portugal LuisBoa Morte 109 M/A
0%
2009 - 2011 Maroc ManuelDa Costa 35 D
0%
2013 - 2014 Italie MarcoBorriello 2 A
0%
2016 - 2017 Angleterre MarcusBrowne 1 A
0%
2010 - 2011 RépubliqueTchèque MarekStech 3 G
0%
2012 - 2013 Maroc MarouaneChamakh 3 A
0%
2015 - 2016 Norvège MartinSamuelsen 2 A
0%
2012 - 2014 Angleterre MathiasFanimo 3 A
0%
2012 - 2015 Angleterre MattJarvis 90 A
0%
2006 - 2011 Angleterre MatthewUpson 145 D
0%
2024 - Angleterre MaximilianKilman 41 D
0%
2020 - 2021 Irlande MipoOdukebo 2 A
0%
2013 - 2014 Croatie MladenPetric 4 A
0%
2012 - 2014 Mali ModiboMaiga 45 A
0%
2012 - 2014 Sénégal MohamedDiamé 79 M
0%
2017 - 2020 Angleterre NathanHolland 4 A
0%
2020 - 2021 Angleterre NathanTrott 1 G
0%
2014 - 2015 Brésil Nene 8 M
0%
2011 - 2012 Angleterre NickyMaynard 17 A
0%
2015 - 2016 Croatie NikicaJelavic 15 A
0%
2020 - 2021 Angleterre OladapoAfolayan 1 A
0%
2022 - Angleterre OliverScarles 17 D
0%
2013 - 2014 Colombie PabloArmero 5 D
0%
2010 - 2011 Mexique PabloBarrera 23 A
0%
2017 - 2018 France PatriceEvra 5 D
0%
2013 - 2014 RépubliqueDémocratique Du Congo Pelly RuddockMpanzu 1 M
0%
2011 - 20122013 - 2015 Jamaique RavelMorrison 24 M
0%
2013 - 2014 Roumanie RazvanRat 20 D
0%
2013 - 2017 Angleterre ReeceBurke 15 D
0%
2015 - 2018 Angleterre ReeceOxford 17 D
0%
2019 - 2020 Espagne Roberto 10 G
0%
2010 - 2012 Belgique RuudBoffin 3 G
0%
2018 - 2022 Angleterre RyanFredericks 77 D
0%
2011 - 2012 Angleterre SamBaldock 24 A
0%
2017 - 2018 Monténégro SeadHaksabanovic 2 A
0%
2013 - 2014 Etats - Unis SebastianLletget 1 M
0%
2021 - 2022 Angleterre SonnyPerkins 3 A
0%
2010 - 2011 Israrel TalBen Haim 12 D
0%
2010 - 2011 Allemagne ThomasHitzlsperger 13 M
0%
2015 - 2016 Nigéria VictorMoses 26 A
0%
2010 - 2011 Nigéria VictorObinna 32 A
0%
2018 - 2020 Portugal XandeSilva 2 A
0%
2008 - 2011 Jamaique ZavonHines 31 A
0%
Aucun quiz correspondant
Distribution des résultats
% des personnes avec chaque résultat
Percentile par nombre de réponses
Votre historique - résultats
Vous n’avez pas pris ce quiz depuis la dernière actualisation